MARC

Tag First Indicator Second Indicator Subfields
LEADER 00000cam a22000001a 4500
001 in00002852003
006 m |o d |
007 cr |n|||||||||
008 130224s2013 enk ob 001 0 eng d
005 20250816210352.9
020 |a 0203079566 (electronic bk.) 
020 |a 9780203079560 (electronic bk.) 
020 |z 9780415583961 (hardback) 
020 |z 0415583969 (hardback) 
020 |z 9780415583978 (pbk.) 
020 |z 0415583977 (pbk.) 
024 8 |a 7669817 
035 |a (NhCcYBP)ebr10650222 
040 |a NhCcYBP  |c NhCcYBP  |d UtOrBLW 
043 |a a------ 
050 4 |a HM480  |b .W56 2013 
082 0 4 |a 305.8009163  |2 23 
100 1 |a Williams, Paul,  |d 1979- 
245 1 0 |a Paul Gilroy /  |c Paul Williams. 
264 1 |a London :  |b New York :  |b Routledge,  |c 2013. 
300 |a 1 online resource. 
336 |a text  |b txt  |2 rdacontent 
337 |a computer  |b c  |2 rdamedia 
338 |a online resource  |b cr  |2 rdacarrier 
490 1 |a Routledge critical thinkers 
504 |a Includes bibliographical references (pages 159-171) and index. 
505 0 |a Why Gilroy? Gilroy's Influences ; Ethnic Absolutism ; Civilizationism ; Race is Ordinary ; Postcolonial Melancholia in the UK ; The Black Atlantic -- I: A Counterculture of Modernity. -- The Black Atlantic II: The Politics of Vernacular Culture. Iconization, -- The Black Atlantic III: Diaspora and the Transnational Study of Visual Culture After Gilroy. 
588 |a Description based on print version record. 
500 |a Electronic resource. 
600 1 0 |a Gilroy, Paul,  |d 1956-  |x Philosophy. 
650 0 |a Critical theory  |z Atlantic Ocean Region. 
650 0 |a Race  |x Philosophy. 
650 0 |a Blacks  |x Race identity  |z Atlantic Ocean Region. 
650 0 |a Race awareness  |z Atlantic Ocean Region. 
655 7 |a Electronic books.  |2 local 
710 2 |a ebrary, Inc. 
776 1 8 |c Original  |z 9780415583961  |z 0415583969  |z 9780415583978  |z 0415583977  |z 0203079566  |w (DLC) 2012021937 
830 0 |a Routledge critical thinkers. 
856 4 1 |u https://ebookcentral.proquest.com/lib/tamucs/detail.action?docID=1114718  |y Connect to the full text of this electronic book  |t 0 
955 |a YBP purchased DDA e-records 
999 f f |s ecb0c27d-44b2-3f7d-8eb8-5c203b500365  |i dec5efa4-42bb-3feb-868a-821db5621a06  |t 0 
999 |a MARS 
952 f f |a Texas A&M University  |b College Station  |c Electronic Resources  |d Available Online  |t 0  |e HM480 .W56 2013  |h Library of Congress classification 
998 f f |a HM480 .W56 2013  |t 0  |l Available Online